[Event "Michigan Amateur op"]
[Site "Kalamazoo"]
[Date "2004.10.23"]
[Round "2"]
[White "Gore, Ron"]
[Black "Evans, Thomas L"]
[Result "0-1"]
[WhiteElo "1598"]
[BlackElo "1906"]
[PlyCount "66"]
[EventDate "2004.10.23"]
[EventType "swiss"]
[EventRounds "5"]
[EventCountry "USA"]
[SourceTitle "EXT 2007"]
[Source "ChessBase"]
[SourceDate "2006.11.23"]
[SourceVersion "1"]
[SourceVersionDate "2006.11.23"]
[SourceQuality "1"]

1. e4 e5 2. Nf3 d6 3. d4 exd4 4. Nxd4 c5 5. Nf3 Nc6 6. Nc3 Nf6 7. Bc4 Be7 8. 0-0 Bg4 9. h3 Bh5 10. Bb5 0-0 11. Bxc6 bxc6 12. Qd3 Nd7 13. Re1 Bg6 14. Qe2 Bf6 15. Nd1 Re8 16. Nd2 d5 17. Qa6 Qc7 18. f3 dxe4 19. Nxe4 Bd4+ 20. Kf1 f5 21. Nef2 Rxe1+ 22. Kxe1 Re8+ 23. Kf1 Nb6 24. c3 Bf7 25. b3 Bxf2 26. Nxf2 c4 27. b4 Qe5 28. Bg5 h6 29. Qxa7 Nd5 30. Bh4 g5 31. Bxg5 hxg5 32. Qd4 Ne3+ 33. Kg1 Qg3 0-1

[Event "Auburn Hills op"]
[Site "Auburn Hills"]
[Date "2004.04.17"]
[Round "3"]
[White "Foord, Allan"]
[Black "Gore, Ron"]
[Result "0-1"]
[WhiteElo "1500"]
[BlackElo "1588"]
[PlyCount "128"]
[EventDate "2004.04.17"]
[EventType "swiss"]
[EventRounds "5"]
[EventCountry "USA"]
[SourceTitle "EXT 2008"]
[Source "ChessBase"]
[SourceDate "2007.11.25"]
[SourceVersion "1"]
[SourceVersionDate "2007.11.25"]
[SourceQuality "1"]

1. e4 e6 2. d4 d5 3. Nd2 c5 4. c3 Nc6 5. Ngf3 cxd4 6. cxd4 dxe4 7. Nxe4 Bb4+ 8. Nc3 Nge7 9. Bb5 Bd7 10. 0-0 0-0 11. Bf4 a6 12. Be2 Bc8 13. Qd3 b5 14. Rad1 Bxc3 15. bxc3 Nd5 16. Bg3 Bb7 17. Bh4 f6 18. Rfe1 Qd7 19. a3 Nce7 20. c4 bxc4 21. Qxc4 Rac8 22. Qb3 Rc3 23. Qb2 Rfc8 24. Rc1 Rxc1 25. Rxc1 Rxc1+ 26. Qxc1 Qc6 27. Qxc6 Nxc6 28. Bc4 Nc7 29. Bg3 Nd5 30. Bd6 Kf7 31. Kf1 Nde7 32. Ke2 Nf5 33. Bc5 Nce7 34. g4 Nh6 35. h3 Nd5 36. Bxd5 Bxd5 37. Ke3 Ng8 38. h4 Ne7 39. Kf4 Nc6 40. Nd2 g6 41. Ne4 Bxe4 42. Kxe4 Ke8 43. f4 Kd7 44. f5 exf5+ 45. gxf5 Ne7 46. fxg6 hxg6 47. Kf4 Nd5+ 48. Kg4 Ke6 49. h5 gxh5+ 50. Kxh5 Kf5 51. Kh4 Kf4 52. Bd6+ Ke4 53. Bc5 f5 54. Kg3 Ke3 55. Kg2 Ke2 56. Bd6 f4 57. Kg1 f3 58. Bg3 Nf4 59. Bh4 f2+ 60. Bxf2 Nh3+ 61. Kg2 Nxf2 62. d5 Ne4 63. a4 Kd3 64. Kf3 Kd4 0-1

[Event "Kalamazoo op1"]
[Site "Kalamazoo"]
[Date "2003.09.01"]
[Round "7.12"]
[White "Gore, Ron"]
[Black "Talreja, Milan"]
[Result "1-0"]
[WhiteElo "1565"]
[BlackElo "1677"]
[PlyCount "119"]
[EventDate "2003.08.29"]
[EventType "swiss"]
[EventRounds "7"]
[EventCountry "USA"]
[SourceTitle "EXT 2007"]
[Source "ChessBase"]
[SourceDate "2006.11.23"]
[SourceVersion "1"]
[SourceVersionDate "2006.11.23"]
[SourceQuality "1"]

1. e4 d6 2. d4 g6 3. Nf3 Bg7 4. Be2 Bg4 5. 0-0 Bxf3 6. Bxf3 Nc6 7. c3 Nf6 8. Qe1 0-0 9. Be3 e5 10. Na3 exd4 11. cxd4 Re8 12. Bf4 Nd7 13. Nc2 a5 14. a3 Qf6 15. Be3 Nb6 16. b3 a4 17. b4 Nc4 18. d5 Nxe3 19. Nxe3 Qxa1 20. Qxa1 Bxa1 21. Rxa1 Nd4 22. Rc1 Nxf3+ 23. gxf3 Rac8 24. Ng4 Kg7 25. Ne3 Re7 26. Nc4 Kf6 27. Nxd6 Rb8 28. Nc4 Kg5 29. Rc3 h5 30. Nb2 Ra8 31. Nd3 f6 32. Nc5 Kh4 33. Nxb7 g5 34. Nc5 Rc8 35. Nxa4 f5 36. Rc4 Kh3 37. Rc3 Ra8 38. Nc5 Rae8 39. Ne6 Rxe6 40. dxe6 Rxe6 41. f4+ Kg4 42. fxg5 h4 43. h3+ Kxg5 44. exf5 Kxf5 45. Kf1 Ra6 46. Ke2 Ke4 47. Rxc7 Rxa3 48. Rc4+ Kf5 49. Rxh4 Rb3 50. Kf1 Kg5 51. Rg4+ Kh5 52. Kg2 Rb2 53. Kg3 Kh6 54. Rf4 Kg5 55. h4+ Kh5 56. Rc4 Rb1 57. Rc5+ Kh6 58. b5 Rg1+ 59. Kf4 Rb1 60. Ke5 1-0

[Event "Kalamazoo op1"]
[Site "Kalamazoo"]
[Date "2003.08.31"]
[Round "4.16"]
[White "Gore, Ron"]
[Black "Mose, Greg"]
[Result "1-0"]
[WhiteElo "1565"]
[BlackElo "1505"]
[PlyCount "101"]
[EventDate "2003.08.29"]
[EventType "swiss"]
[EventRounds "7"]
[EventCountry "USA"]
[SourceTitle "EXT 2007"]
[Source "ChessBase"]
[SourceDate "2006.11.23"]
[SourceVersion "1"]
[SourceVersionDate "2006.11.23"]
[SourceQuality "1"]

1. e4 c5 2. Nc3 e6 3. g3 Nc6 4. Bg2 Nf6 5. d3 d5 6. Bg5 Be7 7. Nce2 0-0 8. f4 Nd7 9. Bxe7 Nxe7 10. Nf3 b5 11. 0-0 Bb7 12. Nd2 Qb6 13. Kh1 Nf6 14. h3 Rad8 15. Qe1 c4 16. e5 Nd7 17. d4 f6 18. c3 Rf7 19. Nf3 Rdf8 20. Qd2 a5 21. Rae1 b4 22. Neg1 b3 23. a3 fxe5 24. Nxe5 Nxe5 25. Rxe5 Nf5 26. Kh2 Rf6 27. Nf3 Nd6 28. Ng1 Ne4 29. Bxe4 dxe4 30. h4 Bd5 31. Nh3 Qd8 32. Nf2 Rf5 33. Qe2 Rxe5 34. dxe5 a4 35. Rd1 Qa8 36. Kg1 h6 37. Rd4 Qa7 38. Kh2 Qf7 39. Nxe4 Bxe4 40. Qxe4 Qf5 41. Qxf5 exf5 42. Rxc4 Ra8 43. Kg2 Ra7 44. Kf2 Kf7 45. Ke3 g5 46. hxg5 hxg5 47. fxg5 Kg6 48. Kf4 Ra6 49. Rd4 Ra8 50. Rd6+ Kh5 51. Rh6# 1-0